A historical catalog of U.S. stamp essays and proofs : Postal Card Essays and Proofs (Record no. 3697)

000 -LEADER
fixed length control field 00368nam a22000977a 4500
008 - FIXED-LENGTH DATA ELEMENTS--GENERAL INFORMATION
fixed length control field 180702b ||||| |||| 00| 0 eng d
100 ## - MAIN ENTRY--AUTHOR'S NAME
Author's Name Brazer, Clarence
245 ## - TITLE STATEMENT
Title A historical catalog of U.S. stamp essays and proofs : Postal Card Essays and Proofs
260 ## - PUBLICATION, DISTRIBUTION, ETC. (IMPRINT)
Place of publication, distribution, etc. New York
Name of publisher, distributor, etc. C.W. Brazer
Date of publication, distribution, etc. 1947
650 ## - TOPICAL TERM (Tag)
Topical term or geographic name United States | Essays and Proofs | Postal Cards Essays and Proofs
Holdings
Withdrawn status Lost status Source of classification or shelving scheme Damaged status Koha normalized classification for sorting Not for loan Permanent Location Current Location Shelving location Date acquired Total Checkouts Full call number Barcode Date last seen Price effective from Koha item type
        G3701 E78 B827   Northern Philatelic Library Northern Philatelic Library General Stacks 11/20/2025   G3701 E78 B827 1006193 11/20/2025 11/20/2025 Books

Powered by Koha